The Cyrillic Alphabet - Statistics

General Stats
  • This quiz has been taken 342 times
  • The average score is 24 of 30
Answer Stats
Cyrillic Latin % Correct
т t
99%
о o
98%
е ye / je
98%
р r
93%
а a
91%
к k
91%
м m
90%
п p
90%
и i
89%
д d
88%
с s
86%
у u
86%
н n
84%
б b
83%
г g
82%
л l
81%
в v
81%
ш sh
79%
ф f
78%
я ya / je
78%
х kh / h
76%
э e
75%
й y / j
73%
з z
73%
ю yu / ju
70%
ч ch
66%
ё yo / jo
66%
ж zh
63%
ц ts
59%
щ shch
56%
No matching quizzes found
Score Distribution
Percent of People with Each Score
Percentile by Number Answered
Your Score History
You have not taken this quiz